|
|
|
|
| LEADER |
00000cam a2200000 a 4500 |
| 001 |
vtls001447692 |
| 003 |
SK-MaSNL |
| 005 |
20260302002206.0 |
| 008 |
240509s2002 xo a frnp 000 0 slo |
| 015 |
|
|
|a SNBA2004/01-00580
|
| 020 |
|
|
|a 8080690235
|
| 035 |
|
|
|a SNK000402954
|
| 035 |
|
|
|a urn:nbn:sk:snk-amlu81
|
| 035 |
|
|
|a urn:nbn:sk:snk-am00cd0x
|
| 035 |
|
|
|a F59DD7A6-12C4-4D8C-A149-B8F4E8E54297
|
| 040 |
|
|
|a SNK
|b slo
|c SNK
|e AACR2
|
| 041 |
0 |
|
|a slo
|
| 044 |
|
|
|a xo
|c SK
|
| 072 |
|
7 |
|a 574
|2 konspekt
|
| 080 |
|
|
|a 633.2:502.7:504.7:574(075.8)
|2 2. slo
|
| 080 |
|
|
|a 502.7:633.2(075.8)
|2 2. slo
|
| 080 |
|
|
|a 504.7:633.2(075.8)
|2 2. slo
|
| 080 |
|
|
|a 574:633.2(075.8)
|2 2. slo
|
| 080 |
|
|
|a 581.5
|2 1981
|
| 080 |
|
|
|a 574.4
|2 1981
|
| 100 |
1 |
|
|a Viceníková, Andrea,
|d 1968-
|4 aut
|9 100108
|
| 245 |
1 |
|
|a Biodiverzita travinných ekosystémov
|b učebné texty pre všetky formy vzdelávania : [projekt: TEMPUS Phare IB-JEP-14169-1999 "Dištančný kurz ochrany biodiverzity"]
|c Andrea Viceníková a kolektív
|
| 250 |
|
|
|a 1. vyd.
|
| 260 |
|
|
|a Nitra
|b Slovenská poľnohospodárska univerzita
|a Bratislava
|b Univerzita Komenského
|c 2002
|
| 300 |
|
|
|a 74 s.
|b ilustr.
|c 29 cm
|
| 490 |
1 |
|
|a Ochrana biodiverzity
|v 57
|
| 500 |
|
|
|a 400 výt.
|
| 504 |
|
|
|a Bibliogr. s. 72-74
|
| 650 |
0 |
7 |
|a biodiverzita
|x porasty trávne
|2 SNK
|9 639243
|
| 650 |
0 |
7 |
|a porasty trávne
|x biodiverzita
|2 SNK
|9 639244
|
| 650 |
0 |
7 |
|a biodiverzita
|2 phsnk
|9 3702
|
| 650 |
0 |
7 |
|a ekosystémy
|2 phsnk
|9 3902
|
| 650 |
0 |
7 |
|a trávne porasty
|2 phsnk
|9 3678
|
| 650 |
0 |
7 |
|a ekosystémy trávne
|x biodiverzita
|2 SNK
|9 639245
|
| 650 |
0 |
7 |
|a biodiverzita
|x ekosystémy trávne
|2 SNK
|9 639246
|
| 655 |
|
7 |
|a Textbooks (higher)
|2 SNKPHeng
|9 276436
|
| 655 |
|
7 |
|a učebnice vysokých škôl
|2 SNKPH
|9 70191
|
| 655 |
|
7 |
|a učebnice
|2 SNK
|9 22521
|
| 655 |
|
7 |
|a učebnice vysokých škôl
|2 SNK
|9 70191
|
| 830 |
|
0 |
|a Ochrana biodiverzity
|9 290310
|
| 919 |
|
|
|a 80-8069-023-5
|
| 958 |
0 |
7 |
|a NB
|
| 958 |
|
|
|a OND
|
| 968 |
|
|
|d 63
|
| 999 |
|
|
|c 986989
|d 988919
|
| 952 |
|
|
|t P60, <04>, [BOOK], {604}
|a SNK
|b SNK
|y VYP
|7 0
|p 17A0606177
|o snkSB 66143 D1
|i snkKSP 760/2003
|0 0
|1 0
|4 0
|d 2003-01-21
|l 0
|r 2005-01-02 00:00:00
|w 2026-02-24
|
| 952 |
|
|
|t P60, <03>, [BOOK], {603}
|a SNK
|b SNK
|y PREZ
|7 0
|p 17A0371578
|o snkSB 66143
|i snkKSP 759/2003
|0 0
|1 0
|4 0
|d 2003-01-21
|f 1
|l 0
|r 2025-04-17 00:00:00
|w 2026-02-24
|